Fr. Conceicao Rodrigues College of Engineering

ISA Systems Architecture (Record no. 19283)

MARC details
000 -LEADER
fixed length control field 00342nam a2200157Ia 4500
082 ## - DEWEY DECIMAL CLASSIFICATION NUMBER
Classification number 4.62
Item number SHA
100 ## - MAIN ENTRY--PERSONAL NAME
Personal name Shanley/Tom/ Anderson Don
250 ## - EDITION STATEMENT
Edition statement 3
245 ## - TITLE STATEMENT
Title ISA Systems Architecture
260 ## - PUBLICATION, DISTRIBUTION, ETC.
Name of publisher, distributor, etc. Addison Wesley Pub
Place of publication, distribution, etc. New york
Date of publication, distribution, etc. 1995
300 ## - PHYSICAL DESCRIPTION
Extent 517
546 ## - LANGUAGE NOTE
Language note ENGLISH
654 ## - SUBJECT ADDED ENTRY--FACETED TOPICAL TERMS
Focus term computer
942 ## - ADDED ENTRY ELEMENTS (KOHA)
Koha item type BOOK
Holdings
Withdrawn status Lost status Damaged status Not for loan Collection Home library Current library Date acquired Total Checkouts Total Renewals Full call number Barcode Date last seen Date last checked out Price effective from Koha item type
        CRC Fr. Agnel's C.Rodrigues College of Engineering AGNEL TECHNICAL COLLEGE LIBRARY 17/03/2023 2   4.62 SHA 10023 21/04/2025 21/04/2025 17/03/2023 BOOK
        CRC Fr. Agnel's C.Rodrigues College of Engineering Fr. Agnel's C.Rodrigues College of Engineering 17/03/2023 2 1 4.62 SHA 10022 30/08/2024 16/08/2024 17/03/2023 BOOK